[Event "Rated Blitz game"]
[Site "?"]
[Date "2021.06.26"]
[Round "?"]
[White "MCubillo17"]
[Black "Dzon_Vejn"]
[Result "0-1"]
[WhiteElo "2403"]
[BlackElo "2485"]
[PlyCount "90"]
[EventDate "2021.??.??"]
[EventType "blitz"]

1. e4 e5 2. Nf3 d5 3. exd5 e4 4. Nd4 Qxd5 5. Nb3 Qe5 6. Nc3 Nc6 7. Bc4 Bd6 8.
Qe2 Nf6 9. d3 Bg4 10. Qe3 exd3 11. Bxd3 Nb4 12. Qxe5+ Bxe5 13. Be3 Nxd3+ 14.
cxd3 O-O-O 15. d4 Bd6 16. O-O a6 17. f3 Be6 18. Bf2 Bxb3 19. axb3 Rhe8 20. Rfe1
Kd7 21. g4 Bb4 22. Kf1 Rxe1+ 23. Rxe1 Re8 24. Rxe8 Kxe8 25. g5 Nd7 26. Nd5 Bd6
27. Bg3 Bxg3 28. hxg3 c6 29. Nc3 Ke7 30. Ke2 Ke6 31. Kd3 f6 32. gxf6 Nxf6 33.
Ne4 Nxe4 34. fxe4 h5 35. Ke3 g5 36. Kf3 a5 37. Kf2 b6 38. Kf3 c5 39. d5+ Ke5
40. Kf2 b5 41. Kf3 Kd6 42. Ke3 Ke5 43. Kf3 a4 44. bxa4 bxa4 45. Ke3 c4 {Normal}
0-1

[Event "Rated Blitz tournament 9UX6h6Ca"]
[Site "?"]
[Date "2021.06.26"]
[Round "?"]
[White "Lioni26"]
[Black "InvisibleKoT"]
[Result "0-1"]
[WhiteElo "2480"]
[BlackElo "2499"]
[PlyCount "126"]
[EventDate "2021.??.??"]
[EventType "blitz"]

1. e4 e5 2. Nf3 d5 3. exd5 e4 4. Ne5 Qxd5 5. d4 exd3 6. Nxd3 Nc6 7. Nc3 Qa5 8.
Bd2 Nf6 9. Be2 Be6 10. O-O O-O-O 11. a3 Nd4 12. b4 Qf5 13. Be3 Nxe2+ 14. Qxe2
Bc4 15. Rfd1 Bd6 16. h3 Rhe8 17. Qf3 Qxf3 18. gxf3 b6 19. Kg2 Bxd3 20. Rxd3 Be5
21. Rc1 Rxd3 22. cxd3 Bxc3 23. Rxc3 Nd5 24. Rb3 Nxe3+ 25. fxe3 Rxe3 26. Kf2 Re6
27. Rc3 Kd7 28. Rc4 Rh6 29. Kg3 Rg6+ 30. Kf2 Rd6 31. Ke3 c6 32. Rf4 f6 33. Rg4
g5 34. h4 h5 35. Rg1 Re6+ 36. Kd2 Re5 37. hxg5 fxg5 38. d4 Rf5 39. Ke3 Ke6 40.
Rc1 Kd5 41. a4 g4 42. f4 h4 43. b5 cxb5 44. axb5 h3 45. Rc8 h2 46. Rh8 g3 47.
Kf3 Rxf4+ 48. Kxg3 Rxd4 49. Rxh2 Rb4 50. Rh5+ Kc4 51. Rh7 Ra4 52. Rh5 Ra5 53.
Kf3 Rxb5 54. Rh4+ Kb3 55. Ke3 a5 56. Kd3 a4 57. Rh1 Rd5+ 58. Ke4 Rd2 59. Ke3
Rc2 60. Kd3 a3 61. Rh5 Rc5 62. Rh6 b5 63. Rh3 Rc3+ {Normal} 0-1

[Event "Rated Blitz game"]
[Site "?"]
[Date "2021.06.26"]
[Round "?"]
[White "BLITZ16"]
[Black "KamranShirazi"]
[Result "0-1"]
[WhiteElo "2463"]
[BlackElo "2522"]
[PlyCount "104"]
[EventDate "2021.??.??"]
[EventType "blitz"]

1. e4 e5 2. Nf3 d5 3. exd5 e4 4. Nd4 Qxd5 5. Nb3 Bd6 6. Nc3 Qe5 7. Qe2 Bf5 8.
g3 Nc6 9. Bg2 Nf6 10. O-O a6 11. Re1 O-O-O 12. Nxe4 Nxe4 13. Bxe4 Nb4 14. Bxf5+
Qxf5 15. d3 Rhe8 16. Qxe8 Rxe8 17. Rxe8+ Kd7 18. Re2 b6 19. Be3 h5 20. h4 Qf3
21. Rae1 c5 22. a3 Nd5 23. Nd2 Qg4 24. Ne4 Be7 25. Bg5 f6 26. Bd2 g5 27. Nc3
gxh4 28. Nxd5 Bd8 29. Bf4 hxg3 30. fxg3 h4 31. Rg2 hxg3 32. Rxg3 Qf5 33. Rg7+
Kc6 34. c4 b5 35. b3 a5 36. Bg3 a4 37. cxb5+ Kxd5 38. bxa4 Ba5 39. Rd7+ Qxd7
40. Rf1 Qg4 41. Kg2 Bc3 42. Rf4 Qe2+ 43. Rf2 Qxd3 44. Rf3 Qc2+ 45. Rf2 Qe4+ 46.
Kh2 Be5 47. b6 Qh4+ 48. Kg1 Qxg3+ 49. Rg2 Bd4+ 50. Kf1 Qf3+ 51. Ke1 Qxg2 52. b7
Be3 {Normal} 0-1

[Event "Rated Blitz tournament AjZTxcdZ"]
[Site "?"]
[Date "2021.06.26"]
[Round "?"]
[White "Pusaka_BKD"]
[Black "dr_xStranger"]
[Result "1-0"]
[WhiteElo "2416"]
[BlackElo "2460"]
[PlyCount "46"]
[EventDate "2021.??.??"]
[EventType "blitz"]

1. e4 e5 2. Nf3 d5 3. exd5 e4 4. Qe2 Nf6 5. Ng5 Qxd5 6. d3 Bb4+ 7. c3 Be7 8.
Nxe4 O-O 9. c4 Qd8 10. Nbc3 Nc6 11. Be3 Bf5 12. O-O-O Re8 13. f3 a5 14. Qf2 a4
15. a3 Na5 16. g4 Nb3+ 17. Kb1 Bg6 18. h4 h6 19. Be2 Nxe4 20. dxe4 Qc8 21. g5
h5 22. f4 f5 23. gxf6 Bf5 {Normal} 1-0

[Event "Rated Blitz game"]
[Site "?"]
[Date "2021.06.26"]
[Round "?"]
[White "May_Lin_Che"]
[Black "annaly1979"]
[Result "1-0"]
[WhiteElo "2588"]
[BlackElo "2436"]
[PlyCount "73"]
[EventDate "2021.??.??"]
[EventType "blitz"]

1. e4 e5 2. Nf3 d5 3. exd5 e4 4. Qe2 f5 5. d3 Nf6 6. dxe4 fxe4 7. Nc3 Be7 8.
Nxe4 Nxe4 9. Qxe4 O-O 10. Bd3 Bf5 11. Qe2 Bxd3 12. Qxd3 Nd7 13. O-O Bd6 14. c4
Qe8 15. Bd2 Qh5 16. h3 Rae8 17. Bc3 Nc5 18. Qd4 Re7 19. Rae1 Ref7 20. Ne5 Rf4
21. Qd2 a5 22. b3 Re4 23. Nd3 Rh4 24. Nxc5 Bxc5 25. Kh2 Bd6+ 26. Kg1 Rxh3 27.
gxh3 Qxh3 28. f4 Bc5+ 29. Bd4 Qg3+ 30. Kh1 Qh3+ 31. Qh2 Qxh2+ 32. Kxh2 Bxd4 33.
Re7 Bb6 34. Kg3 g5 35. Rf3 h5 36. fxg5 Rd8 37. Kh4 {Normal} 1-0

[Event "Rated Blitz tournament WtjRHdyK"]
[Site "?"]
[Date "2021.06.26"]
[Round "?"]
[White "Fatalize"]
[Black "Artem_0degov"]
[Result "0-1"]
[WhiteElo "2354"]
[BlackElo "2600"]
[PlyCount "46"]
[EventDate "2021.??.??"]
[EventType "blitz"]

1. e4 e5 2. Nf3 d5 3. d4 dxe4 4. Nxe5 Bd6 5. Nc4 Nf6 6. Nc3 O-O 7. Bg5 Nc6 8.
Be2 Re8 9. Qd2 Bf5 10. O-O-O h6 11. Bf4 Bxf4 12. Qxf4 Bh7 13. Rhe1 Nd5 14. Nxd5
Qxd5 15. c3 Rad8 16. Kb1 e3+ 17. Ka1 exf2 18. Qxf2 b5 19. Ne3 Qg5 20. Bf3 Na5
21. h4 Qf6 22. Ng4 Nb3+ 23. axb3 Qa6# {Normal} 0-1

[Event "Rated Blitz tournament AjZTxcdZ"]
[Site "?"]
[Date "2021.06.26"]
[Round "?"]
[White "Bis_Kecil_BKD"]
[Black "Secret2700"]
[Result "1-0"]
[WhiteElo "2451"]
[BlackElo "2472"]
[PlyCount "155"]
[EventDate "2021.??.??"]
[EventType "blitz"]

1. e4 e5 2. Nf3 d5 3. exd5 e4 4. Qe2 Nf6 5. Nc3 Be7 6. Nxe4 O-O 7. Nxf6+ Bxf6
8. d3 Re8 9. Be3 Bxb2 10. Rb1 Bc3+ 11. Nd2 Qxd5 12. Rb3 Bd4 13. Ne4 Nc6 14. c4
Qd8 15. g4 Bxe3 16. fxe3 Ne5 17. h3 Qh4+ 18. Qf2 Qxf2+ 19. Kxf2 Nxc4 20. Bg2
Na5 21. Rc3 Nc6 22. Nc5 Ne5 23. d4 Nc6 24. Rb1 Ne7 25. Nxb7 Rb8 26. Rxc7 Ng6
27. Nd6 Rxb1 28. Nxe8 Rb2+ 29. Kg3 Be6 30. d5 Rxg2+ 31. Kxg2 Bxd5+ 32. Kg3 Bxa2
33. Rc8 Kf8 34. Nf6+ Ke7 35. Ne4 Bd5 36. Nc3 Be6 37. Rc7+ Bd7 38. Rxa7 Ne5 39.
Nd5+ Kd6 40. Nf4 f6 41. Ra6+ Ke7 42. Nh5 Kf7 43. Ra7 g6 44. Nf4 Ke7 45. Nd5+
Kd6 46. Nxf6 Be6 47. Ra6+ Ke7 48. Nxh7 Bc4 49. Ra7+ Ke6 50. Ng5+ Kd5 51. h4 Bd3
52. Ra5+ Kd6 53. h5 gxh5 54. gxh5 Bc2 55. e4 Nd7 56. h6 Nf6 57. Ra6+ Ke5 58. h7
Nxh7 59. Nxh7 Kxe4 60. Rc6 Kd3 61. Ng5 Bb3 62. Rc5 Kd4 63. Rc7 Bc4 64. Kf4 Kc3
65. Re7 Bd5 66. Re3+ Kd4 67. Ne4 Kc4 68. Nf2 Kd4 69. Rd3+ Kc4 70. Ke5 Bc6 71.
Rd4+ Kb5 72. Ne4 Bb7 73. Kd6 Kb6 74. Nc3 Ka5 75. Nd5 Ba6 76. Kc5 Bb5 77. Nb6
Ba6 78. Ra4# {Normal} 1-0

[Event "Rated Blitz game"]
[Site "?"]
[Date "2021.06.26"]
[Round "?"]
[White "Arteler"]
[Black "Polyclinical"]
[Result "0-1"]
[WhiteElo "2645"]
[BlackElo "2866"]
[PlyCount "50"]
[EventDate "2021.??.??"]
[EventType "blitz"]

1. e4 e5 2. Nf3 d5 3. Nxe5 Bd6 4. d4 dxe4 5. Bc4 Bxe5 6. dxe5 Qxd1+ 7. Kxd1
Bg4+ 8. Be2 Bxe2+ 9. Kxe2 Nc6 10. Nc3 O-O-O 11. Be3 Nxe5 12. Nxe4 Nc4 13. b3
Nxe3 14. Kxe3 Nh6 15. f3 Rhe8 16. g4 f5 17. gxf5 Nxf5+ 18. Kf4 Nd4 19. c3 Rf8+
20. Kg3 Rxf3+ 21. Kg2 Rf4 22. Nc5 Nc2 23. Ne6 Rd2+ 24. Kg3 Rf6 25. Nf4 Nxa1 {
Normal} 0-1

[Event "Rated Blitz game"]
[Site "?"]
[Date "2021.06.26"]
[Round "?"]
[White "Fantastic_power06"]
[Black "Polyclinical"]
[Result "0-1"]
[WhiteElo "2671"]
[BlackElo "2870"]
[PlyCount "134"]
[EventDate "2021.??.??"]
[EventType "blitz"]

1. e4 e5 2. Nf3 d5 3. exd5 e4 4. Qe2 Qe7 5. Nd4 Nf6 6. d3 exd3 7. Qxe7+ Bxe7 8.
Bxd3 Nxd5 9. Nb5 O-O 10. N1c3 Nxc3 11. Nxc3 Nc6 12. Bf4 Nb4 13. O-O-O Nxd3+ 14.
Rxd3 Bf5 15. Re3 Bd8 16. Nd5 Be6 17. Nxc7 Bxc7 18. Bxc7 Rfc8 19. Bg3 Rc6 20.
Rd1 Rac8 21. Rd2 Ra6 22. a3 Rb6 23. Red3 h5 24. Rd8+ Kh7 25. Rxc8 Bxc8 26. Rd5
Kg6 27. h4 Bf5 28. f3 Rc6 29. c3 Re6 30. Kd2 Re7 31. c4 Rd7 32. Rxd7 Bxd7 33.
Kc3 Kf5 34. Kd4 Ke6 35. Bb8 a6 36. Kc5 b5 37. Kb6 bxc4 38. Kxa6 Kd5 39. Kb6 Ba4
40. Ka5 Bc2 41. Kb4 Bd3 42. a4 Bf1 43. g3 Be2 44. f4 Kc6 45. a5 g6 46. Be5 c3
47. bxc3 Kd5 48. Bd4 Ba6 49. Bb6 Bc4 50. Ka3 Ba6 51. Kb4 Ke4 52. c4 Kf5 53. c5
Ke6 54. c6 Kd6 55. c7 Kd7 56. Kc3 Kc8 57. Kd4 Bb7 58. Ke5 Ba6 59. Kf6 Bc4 60.
a6 Be6 61. Ke7 Bd7 62. a7 Bf5 63. Kf6 Kb7 64. Ke7 Bc8 65. a8=Q+ Kxa8 66. Kxf7
Kb7 67. Kg7 Bf5 {Time forfeit} 0-1

[Event "Rated Blitz tournament AjZTxcdZ"]
[Site "?"]
[Date "2021.06.26"]
[Round "?"]
[White "Pusaka_BKD"]
[Black "dr_xStranger"]
[Result "1-0"]
[WhiteElo "2420"]
[BlackElo "2468"]
[PlyCount "55"]
[EventDate "2021.??.??"]
[EventType "blitz"]

1. e4 e5 2. Nf3 d5 3. exd5 e4 4. Qe2 Nf6 5. Ng5 Qxd5 6. d3 Bc5 7. Nxe4 O-O 8.
Nbc3 Bb4 9. Bd2 Bxc3 10. Bxc3 Nxe4 11. dxe4 Qe6 12. b3 Nc6 13. O-O-O Re8 14. f3
Qg6 15. Qf2 f5 16. Bd3 fxe4 17. Bxe4 Bf5 18. Bxf5 Qxf5 19. Kb2 a5 20. a3 a4 21.
b4 Qf7 22. Rhe1 Rxe1 23. Rxe1 Na7 24. Re5 c6 25. Rg5 g6 26. Qd4 Kf8 27. Ra5 b5
28. Qh8+ {Normal} 1-0

[Event "Rated Blitz tournament AjZTxcdZ"]
[Site "?"]
[Date "2021.06.26"]
[Round "?"]
[White "Hungz"]
[Black "Minty0209"]
[Result "1-0"]
[WhiteElo "2469"]
[BlackElo "2236"]
[PlyCount "77"]
[EventDate "2021.??.??"]
[EventType "blitz"]

1. e4 e5 2. Nf3 d5 3. d3 dxe4 4. dxe4 Qxd1+ 5. Kxd1 Nf6 6. Bd3 Nc6 7. h3 Bc5 8.
Ke2 Be6 9. c3 O-O-O 10. Rd1 Rhe8 11. Be3 Bxe3 12. Kxe3 a6 13. Nbd2 Nd7 14. b4
g6 15. Ng5 Nb6 16. a4 h6 17. Nxe6 Rxe6 18. a5 Red6 19. Be2 Nd7 20. Bg4 Kb8 21.
Nc4 Rxd1 22. Rxd1 Nf6 23. Rxd8+ Nxd8 24. Nxe5 c6 25. Kd4 Kc7 26. c4 h5 27. Be2
Kd6 28. c5+ Ke7 29. Bc4 Ne8 30. f4 Ng7 31. g4 Nde6+ 32. Ke3 hxg4 33. hxg4 g5
34. f5 Nf4 35. Nxf7 Ng2+ 36. Kd4 Nf4 37. Nxg5 Kf6 38. Nf3 Ng2 39. e5+ {Normal}
1-0

[Event "Rated Blitz tournament uUyRN3TW"]
[Site "?"]
[Date "2021.06.26"]
[Round "?"]
[White "aparhutBKD"]
[Black "om_gendut"]
[Result "0-1"]
[WhiteElo "2321"]
[BlackElo "2403"]
[PlyCount "76"]
[EventDate "2021.??.??"]
[EventType "blitz"]

1. e4 e5 2. Nf3 d5 3. Nxe5 Bd6 4. d4 dxe4 5. Nc4 Be7 6. Nc3 Nf6 7. Bg5 Bf5 8.
Ne3 Bg6 9. h4 h6 10. Bf4 O-O 11. Be2 Bd6 12. Bxd6 Qxd6 13. Qd2 Nc6 14. O-O-O
Rad8 15. d5 Ne5 16. Qd4 a6 17. f4 Nc6 18. Qa4 Ne7 19. g3 b5 20. Qa5 Qc5 21. Nf1
Nfxd5 22. Nxd5 Rxd5 23. h5 Bh7 24. Qc3 Rxd1+ 25. Kxd1 Rd8+ 26. Ke1 Qb6 27. Ne3
Nd5 28. Nxd5 Rxd5 29. g4 Qd6 30. Qe3 Qb4+ 31. Kf2 Qxb2 32. c3 Qxa2 33. Kg3 Rd2
34. Re1 Qd5 35. Kf2 g6 36. Qa7 Qd6 37. Qb8+ Kg7 38. Ke3 Rc2 {Time forfeit} 0-1

[Event "Rated Blitz tournament AjZTxcdZ"]
[Site "?"]
[Date "2021.06.26"]
[Round "?"]
[White "Bis_Kecil_BKD"]
[Black "Secret2700"]
[Result "0-1"]
[WhiteElo "2491"]
[BlackElo "2491"]
[PlyCount "20"]
[EventDate "2021.??.??"]
[EventType "blitz"]

1. e4 e5 2. Nf3 d5 3. exd5 e4 4. Nd4 Nf6 5. Nb3 Qxd5 6. Nc3 Qf5 7. d3 Bb4 8.
Bd2 O-O 9. dxe4 Nxe4 10. Bd3 Qxf2# {Normal} 0-1

[Event "Rated Blitz game"]
[Site "?"]
[Date "2021.06.26"]
[Round "?"]
[White "Swordoftheword16"]
[Black "King_bg03"]
[Result "0-1"]
[WhiteElo "2542"]
[BlackElo "2599"]
[PlyCount "120"]
[EventDate "2021.??.??"]
[EventType "blitz"]

1. e4 e5 2. Nf3 d5 3. exd5 e4 4. Qe2 Nf6 5. Nc3 Be7 6. Ng5 O-O 7. Ngxe4 Nxd5 8.
Nxd5 Qxd5 9. Nc3 Qd8 10. d4 Nc6 11. Be3 Bf5 12. O-O-O Nb4 13. Rd2 Bf6 14. Qf3
Qd7 15. a3 a5 16. axb4 axb4 17. Nb1 Ra1 18. Bd3 Be6 19. d5 Qa4 20. Kd1 Rxb1+
21. Ke2 Rxh1 22. dxe6 fxe6 23. Qh5 g6 24. Bxg6 hxg6 25. Qxg6+ Bg7 26. Bh6 Qb5+
27. Rd3 Qe5+ 28. Re3 Qf6 29. Qxf6 Rxf6 30. Bxg7 Kxg7 31. h3 Rg6 32. g4 Rb1 33.
b3 Rb2 34. Kd2 c5 35. Rf3 Ra2 36. Rd3 Rf6 37. Rd7+ Kg6 38. Rxb7 Rf3 39. Ke2 Rc3
40. Kf1 Raxc2 41. Rb8 Rxb3 42. Rg8+ Kf6 43. Rf8+ Ke7 44. Rf3 Rbb2 45. Rf4 Rc1+
46. Kg2 Rcc2 47. Kg3 b3 48. h4 Rxf2 49. h5 Rg2+ 50. Kf3 Rh2 51. Ke4 Rbf2 52.
Rf3 Rxf3 53. Kxf3 b2 54. Kf4 b1=Q 55. Kg5 Qc1+ 56. Kg6 Qd1 57. g5 Qg4 58. h6
Rh5 59. Kg7 Qxg5+ 60. Kh8 Rxh6# {Normal} 0-1

[Event "Rated Blitz game"]
[Site "?"]
[Date "2021.06.26"]
[Round "?"]
[White "Sanduleac"]
[Black "olarovfan"]
[Result "1/2-1/2"]
[WhiteElo "2548"]
[BlackElo "2583"]
[PlyCount "122"]
[EventDate "2021.??.??"]
[EventType "blitz"]

1. e4 e5 2. Nf3 d5 3. Nxe5 Bd6 4. d4 dxe4 5. Nc4 Nc6 6. c3 Nf6 7. Be2 Bf5 8.
Nxd6+ Qxd6 9. Nd2 O-O-O 10. Nc4 Qe6 11. Qb3 Bg4 12. Ne3 Qxb3 13. axb3 Bxe2 14.
Kxe2 a6 15. b4 Ne7 16. Bd2 Ned5 17. g3 Nxe3 18. fxe3 Nd7 19. c4 f5 20. Rhf1
Rhf8 21. Ra5 g6 22. b5 axb5 23. Rxb5 c6 24. Ra5 Kc7 25. b3 Ra8 26. Bc3 Rxa5 27.
Bxa5+ b6 28. Bc3 Ra8 29. Ra1 Rxa1 30. Bxa1 Kd6 31. Bc3 Nf6 32. h3 Ke6 33. Bb2
Nd7 34. Ba3 b5 35. Kd2 bxc4 36. bxc4 Nf6 37. Ke2 Nh5 38. Kf2 Nf6 39. Bb4 Nd7
40. Ba5 g5 41. Bd8 h6 42. Bc7 Nf6 43. Ba5 Ne8 44. Bb4 h5 45. h4 g4 46. Ke2 Kd7
47. Kd2 Nc7 48. Kc2 Ne6 49. Be1 Kc7 50. Kc3 Kb6 51. d5 cxd5 52. cxd5 Nc5 53.
Kd4 Nd7 54. Bb4 Kc7 55. Ba3 Kb6 56. Bd6 Kb5 57. Bf4 Kb6 58. Kc4 Nf6 59. Kd4 Nd7
60. Kc4 Nf6 61. Kd4 Nd7 {Normal} 1/2-1/2

[Event "Rated Blitz game"]
[Site "?"]
[Date "2021.06.26"]
[Round "?"]
[White "swimmerchess"]
[Black "Polyclinical"]
[Result "0-1"]
[WhiteElo "2752"]
[BlackElo "2876"]
[PlyCount "130"]
[EventDate "2021.??.??"]
[EventType "blitz"]

1. e4 e5 2. Nf3 d5 3. Nc3 dxe4 4. Nxe5 Bd6 5. Nc4 Nf6 6. Nxd6+ Qxd6 7. d3 exd3
8. Qxd3 Qxd3 9. Bxd3 O-O 10. Be3 Ng4 11. Bd4 Nc6 12. Bc5 Re8+ 13. Be2 b6 14.
Be3 Nxe3 15. fxe3 Rxe3 16. Nd5 Re5 17. Nxc7 Bg4 18. O-O-O Bxe2 19. Nxa8 Bxd1
20. Rxd1 g5 21. Nc7 g4 22. Nd5 Kg7 23. c4 Rh5 24. Ne3 Rxh2 25. Rd6 Ne7 26. Rd7
Ng6 27. Rxa7 Nf4 28. Rb7 Nxg2 29. Nxg4 Rh4 30. Ne5 Rf4 31. Rxb6 h5 32. c5 Rf5
33. Nd3 h4 34. c6 h3 35. c7 h2 36. c8=Q h1=Q+ 37. Kc2 Ne3+ 38. Kb3 Qd5+ 39. Kc3
Qe4 40. Rb4 Nd5+ 41. Kd2 Qe3+ 42. Kc2 Qe2+ 43. Kb3 Qxd3+ 44. Ka4 Nxb4 45. Qc3+
Qxc3 46. bxc3 Nd5 47. Kb3 Nc7 48. a3 Ne6 49. a4 Rc5 50. Kb4 f5 51. a5 f4 52. a6
f3 53. a7 Rc8 54. c4 Ra8 55. c5 Rxa7 56. c6 Rc7 57. Kc4 f2 58. Kd5 Kf6 59. Kd6
Kf7 60. Kd5 Rxc6 61. Kxc6 f1=Q 62. Kd5 Qe2 63. Kd6 Qd2+ 64. Ke5 Qd4+ 65. Kf5
Qf4# {Normal} 0-1

[Event "Rated Blitz tournament uUyRN3TW"]
[Site "?"]
[Date "2021.06.26"]
[Round "?"]
[White "Fauzi_BKD"]
[Black "arrashii"]
[Result "1-0"]
[WhiteElo "2403"]
[BlackElo "2318"]
[PlyCount "147"]
[EventDate "2021.??.??"]
[EventType "blitz"]

1. e4 e5 2. Nf3 d5 3. Nxe5 dxe4 4. Nc3 Nf6 5. d3 Bb4 6. Be2 Qd4 7. Nc4 Bxc3+ 8.
bxc3 Qxc3+ 9. Bd2 Qd4 10. O-O O-O 11. Be3 Qd5 12. f3 exd3 13. Bxd3 Nc6 14. Qe1
Re8 15. Rd1 Qh5 16. Qg3 Ne5 17. Nxe5 Qxe5 18. Bf4 Qc5+ 19. Kh1 Bf5 20. Qg5 g6
21. Qxf6 Re6 22. Qb2 Bxd3 23. Rxd3 Rae8 24. h3 Qc4 25. Bh6 f6 26. Kh2 Rd6 27.
Rxd6 cxd6 28. Qxf6 Qf7 29. Qxf7+ Kxf7 30. Rd1 Re2 31. Rxd6 Rxc2 32. Rd7+ Ke6
33. Rxb7 Rxa2 34. Rxh7 Kf5 35. Be3 a5 36. Ra7 Ra3 37. Bf2 a4 38. g4+ Kf4 39.
Kg2 Ra2 40. h4 a3 41. Ra4+ Ke5 42. h5 gxh5 43. gxh5 Kf5 44. Kg3 Kg5 45. Bc5
Kxh5 46. Rxa3 Rc2 47. Ra5 Kg6 48. Be3 Rc3 49. Bf4 Rc4 50. Rg5+ Kf6 51. Kg4 Rb4
52. Rh5 Kg6 53. Rh6+ Kf7 54. Rd6 Rb5 55. Bg5 Rb1 56. f4 Rg1+ 57. Kf5 Ke8 58.
Rd8+ Kf7 59. Rd7+ Ke8 60. Re7+ Kf8 61. Ra7 Ke8 62. Kg6 Rb1 63. f5 Rb8 64. f6
Rb6 65. Kg7 Rxf6 66. Kxf6 Kd8 67. Re7 Kc8 68. Ke6 Kd8 69. Kd6 Kc8 70. Kc6 Kb8
71. Rc7 Ka8 72. Kb6 Kb8 73. Bf4 Ka8 74. Rc8# {Normal} 1-0

[Event "Rated Blitz tournament qzFqmsTv"]
[Site "?"]
[Date "2021.06.26"]
[Round "?"]
[White "serdar75han"]
[Black "Fantastic_power06"]
[Result "1-0"]
[WhiteElo "2341"]
[BlackElo "2626"]
[PlyCount "53"]
[EventDate "2021.??.??"]
[EventType "blitz"]

1. e4 e5 2. Nf3 d5 3. Qe2 Nf6 4. d3 Nc6 5. c3 g6 6. g3 Bg7 7. Bg2 O-O 8. O-O
Re8 9. Nbd2 a5 10. Re1 b6 11. Nf1 Ba6 12. Qc2 dxe4 13. dxe4 Bd3 14. Qa4 b5 15.
Qd1 Bxe4 16. Qxd8 Raxd8 17. Bg5 Bd5 18. Ne3 Bxf3 19. Bxf3 e4 20. Be2 Ne5 21.
Bxf6 Bxf6 22. Red1 c6 23. Kg2 Bg5 24. a4 b4 25. cxb4 axb4 26. a5 Nd3 27. Nc4 {
Time forfeit} 1-0

[Event "Rated Blitz tournament AjZTxcdZ"]
[Site "?"]
[Date "2021.06.26"]
[Round "?"]
[White "Car67-KBPL"]
[Black "dr_xStranger"]
[Result "1/2-1/2"]
[WhiteElo "2291"]
[BlackElo "2472"]
[PlyCount "134"]
[EventDate "2021.??.??"]
[EventType "blitz"]

1. e4 e5 2. Nf3 d5 3. exd5 e4 4. Ng1 Qxd5 5. Nc3 Qe5 6. Bc4 Nf6 7. Nge2 Bd6 8.
g3 h5 9. d3 exd3 10. Bxd3 h4 11. Bf4 Qe7 12. Bxd6 cxd6 13. Qd2 Nc6 14. O-O-O
Be6 15. Kb1 O-O-O 16. Qe3 d5 17. Bb5 Kb8 18. Nd4 Nxd4 19. Rxd4 Rc8 20. Re1 Qc5
21. Qe5+ Ka8 22. Ba4 hxg3 23. hxg3 Rh5 24. Qe3 Qb6 25. Bb3 Ng4 26. Qf4 Rf5 27.
Qxg4 Re5 28. Rxe5 Bxg4 29. Rxg4 Qxf2 30. a3 d4 31. Na4 Qf1+ 32. Ka2 d3 33. cxd3
Qxd3 34. Rxg7 Qd6 35. Reg5 f6 36. Rg8 Qc7 37. Rc5 Qxc5 38. Nxc5 Rxg8 39. Ne4
Kb8 40. Nxf6 Rf8 41. Nd7+ Kc7 42. Nxf8 b6 43. Ne6+ Kd6 44. Nf4 a5 45. g4 Ke5
46. g5 b5 47. g6 Kf6 48. Bf7 Kg7 49. Ne6+ Kf6 50. g7 Kxf7 51. b4 axb4 52. axb4
Kg8 53. Kb3 Kf7 54. Kc3 Kg8 55. Kd4 Kf7 56. Kc5 Kg8 57. Kxb5 Kf7 58. Kc6 Kxe6
59. b5 Kf6 60. b6 Kxg7 61. b7 Kf6 62. b8=Q Kf5 63. Qd6 Ke4 64. Kc5 Ke3 65. Kc4
Kf2 66. Qd3 Kg2 67. Kd4 Kg1 {Time forfeit} 1/2-1/2

[Event "Rated Blitz game"]
[Site "?"]
[Date "2021.06.26"]
[Round "?"]
[White "BLITZ16"]
[Black "KamranShirazi"]
[Result "1-0"]
[WhiteElo "2454"]
[BlackElo "2532"]
[PlyCount "75"]
[EventDate "2021.??.??"]
[EventType "blitz"]

1. Nf3 e5 2. e4 d5 3. exd5 e4 4. Nd4 Qxd5 5. Nb3 Bd6 6. Nc3 Qe5 7. Bc4 Nf6 8.
Qe2 Bg4 9. Qe3 Nc6 10. Bb5 O-O 11. Bxc6 bxc6 12. h3 Bh5 13. Nd4 c5 14. Ndb5 a6
15. Nxd6 cxd6 16. g4 Bg6 17. b3 Rfe8 18. Bb2 d5 19. Qe2 d4 20. Na4 Nd5 21.
O-O-O Nf4 22. Qc4 Rac8 23. Rde1 h6 24. Qxa6 c4 25. Nb6 cxb3 26. Nxc8 Rxc8 27.
Qxc8+ Kh7 28. axb3 Qd5 29. Qc4 Qa5 30. Qxd4 Ne6 31. Qc3 Qa2 32. h4 h5 33. gxh5
Bf5 34. Rhg1 f6 35. h6 Nf4 36. Rxg7+ Kh8 37. Qxf6 Nd5 38. Rh7+ {Normal} 1-0

[Event "Rated Blitz game"]
[Site "?"]
[Date "2021.06.26"]
[Round "?"]
[White "Morphychess2000"]
[Black "KamranShirazi"]
[Result "1/2-1/2"]
[WhiteElo "2345"]
[BlackElo "2501"]
[PlyCount "110"]
[EventDate "2021.??.??"]
[EventType "blitz"]

1. e4 e5 2. Nf3 d5 3. d4 dxe4 4. Nxe5 Nd7 5. Nc3 Nxe5 6. dxe5 Qxd1+ 7. Kxd1
Bg4+ 8. Be2 O-O-O+ 9. Bd2 Bf5 10. g4 Bg6 11. h4 h5 12. gxh5 Rxh5 13. Bxh5 Bxh5+
14. Ke1 Bf3 15. Rg1 Re8 16. Bf4 Ne7 17. e6 f6 18. Nb5 Nd5 19. Be3 a6 20. Nd4
Bh5 21. Nf5 g6 22. Ng3 Bf3 23. Ne2 g5 24. hxg5 fxg5 25. Rxg5 Nxe3 26. fxe3 Bh6
27. Rg6 Bxe3 28. Ng3 b5 29. Rf6 Bd4 30. Rg6 Bxb2 31. Rb1 Bc3+ 32. Kf2 Kb7 33.
Nf5 Rd8 34. e7 Re8 35. Rbg1 Bh5 36. Rg8 Bf6 37. Rxe8 Bxe8 38. Rg8 Bd7 39. e8=Q
Bxe8 40. Rxe8 e3+ 41. Kxe3 b4 42. Ke4 Kb6 43. Kd5 Kb5 44. Re6 Bc3 45. Rc6 a5
46. Rxc7 Ka4 47. Nd4 Bb2 48. Nb5 Kxb5 49. a4+ Kxa4 50. Kc4 Bc3 51. Rh7 Ka3 52.
Ra7 a4 53. Kb5 Kb2 54. Rxa4 Kxc2 55. Rxb4 Bxb4 {Normal} 1/2-1/2

[Event "Rated Blitz game"]
[Site "?"]
[Date "2021.06.26"]
[Round "?"]
[White "BLITZ16"]
[Black "KamranShirazi"]
[Result "1-0"]
[WhiteElo "2488"]
[BlackElo "2475"]
[PlyCount "89"]
[EventDate "2021.??.??"]
[EventType "blitz"]

1. e4 e5 2. Nf3 d5 3. Nxe5 Bd6 4. d4 dxe4 5. Bc4 Bxe5 6. dxe5 Qxd1+ 7. Kxd1
Bg4+ 8. Be2 Bxe2+ 9. Kxe2 Nc6 10. Bf4 Nd4+ 11. Kd1 O-O-O 12. Nd2 Ne6 13. Bg3 e3
14. fxe3 Ne7 15. Rf1 Rhf8 16. c3 Nd5 17. Re1 Rd7 18. Kc2 Rfd8 19. Rad1 h6 20.
e4 Ne7 21. Bh4 g5 22. Bg3 Ng6 23. Nf3 Rxd1 24. Rxd1 Rxd1 25. Kxd1 g4 26. Nd4 h5
27. h4 gxh3 28. gxh3 h4 29. Bf2 Nef4 30. Nf3 Nxh3 31. Bxh4 Nxh4 32. Nxh4 Nf2+
33. Ke1 Nxe4 34. Ke2 Kd7 35. Ke3 Nc5 36. Kd4 b6 37. Nf5 Ne6+ 38. Ke4 Ng5+ 39.
Ke3 Ne6 40. Nh6 Ke7 41. b4 c5 42. Nf5+ Kd7 43. a3 a5 44. bxa5 bxa5 45. a4 {
Time forfeit} 1-0

[Event "Rated Blitz game"]
[Site "?"]
[Date "2021.06.26"]
[Round "?"]
[White "GambitoAzul"]
[Black "annaly1979"]
[Result "1-0"]
[WhiteElo "2585"]
[BlackElo "2434"]
[PlyCount "73"]
[EventDate "2021.??.??"]
[EventType "blitz"]

1. e4 e5 2. Nf3 d5 3. exd5 e4 4. Ne5 Bd6 5. d4 Nf6 6. c4 b6 7. Nc3 h6 8. Qa4+
Bd7 9. Nxd7 Nbxd7 10. Be3 O-O 11. O-O-O a6 12. Qc2 Re8 13. Rg1 Bxh2 14. Rh1 Bd6
15. Be2 Nf8 16. g4 Ng6 17. g5 hxg5 18. Bxg5 Bf4+ 19. Bxf4 Nxf4 20. Rdg1 b5 21.
Qd2 Nxe2+ 22. Nxe2 e3 23. fxe3 bxc4 24. Nf4 Ne4 25. Qh2 Kf8 26. Rxg7 Qf6 27.
Nh5 Qf2 28. Qxf2 Nxf2 29. Rf1 Nd3+ 30. Kd2 Re7 31. b3 Nb4 32. Rh7 Kg8 33. Nf6+
Kf8 34. Rh8+ Kg7 35. Rxa8 cxb3 36. Rg8+ Kh6 37. Rh1# {Normal} 1-0

[Event "Rated Blitz game"]
[Site "?"]
[Date "2021.06.26"]
[Round "?"]
[White "Vekhjartad"]
[Black "lavilaine"]
[Result "1-0"]
[WhiteElo "2432"]
[BlackElo "2396"]
[PlyCount "69"]
[EventDate "2021.??.??"]
[EventType "blitz"]

1. e4 e5 2. Nf3 d5 3. d3 dxe4 4. dxe4 Qxd1+ 5. Kxd1 Nc6 6. c3 Bg4 7. Kc2 Bxf3
8. gxf3 O-O-O 9. b4 Bd6 10. Be3 Kb8 11. Nd2 Nce7 12. a4 f6 13. a5 g5 14. a6 b6
15. h4 gxh4 16. Rxh4 Ng6 17. Rh5 N8e7 18. Bc4 Nf4 19. Bxf4 exf4 20. Rah1 Ng6
21. Rxh7 Rxh7 22. Rxh7 Ne5 23. Be6 Re8 24. Nc4 Nxc4 25. Bxc4 Be5 26. Bd5 Rd8
27. c4 Rf8 28. c5 Rd8 29. cxb6 axb6 30. b5 Rf8 31. Rd7 Rh8 32. Bc6 Rf8 33. a7+
Kxa7 34. Rd3 Bd6 35. Rd4 {Time forfeit} 1-0